00453nam a2200181 a 4500001001300000003000900013005001700022008004100039020000800080082001700088100001700105245002000122260003600142300000800178500003500186505003400221650001600255nice12345678IN_TiNIC20260116011510.0050524s0000 dela grp 000 0 urd  ac200a297.409bWAS aWaswani, T L aRabia Basriyyah aDelhibAastana Book Depotc0000 a48p aincludes index and biblioraphy2 ascn book club study project.3 aRabia Basri